000 00986nam a22002537a 4500
005 20170124102940.0
010 _aA-671716
020 _c45.00
035 _aA-671716
037 _bCen Lib/Ret
040 _aDPL
_bHN
082 _a822
_bमिश्रशि
100 _aमिश्र, शिवशंकर
_9107686
245 _aलड़कियां /
_cश्रीशंकर मिश्र
246 _aLadkiyan /
_bby Shrishankar Mishra
260 _aनई दिल्ली
_bअयन प्रकाशन
_c1993
270 _bनई दिल्ली
_a1/20 महरौली
_e110030
300 _a114पृ.
_c18मी(सजिल्द)
650 _aहिन्दी साहित्य
_9107687
650 _aहिन्दी साहित्य -- नाटक
_946022
650 _aHindi literature
_9107688
650 _aHindi literature -- Drama
_9107689
942 _2ddc
_cHN
_h822
_mमिश्रश्री
999 _c112536
_d112536